000 00675nam a2200289Ia 4500
005 20260324135647.0
008 008 260324s9999 xx 000 0 eng d
020 _a9780203748794
037 _aEBOOK
040 _aCRL
040 _beng
040 _cCRL
041 _2eng
041 _aeng
084 _qCRL
100 _aN.V. Churaev
_91201418
245 0 _aLiquid and Vapour Flows in Porous Bodies
245 0 _bSurface Phenomena
260 _bTaylor and Francis
260 _c2000
365 _a
365 _b385
856 _uhttp://www.taylorfrancis.com/books/9780203748794
942 _cEBOOK
999 _c1802751
_d1802751